What Does S.H.I.E.L.D. Stand For? Quiz Stats

 Plays Quiz Updated May 22, 2014

Support Sporcle.
Go Orange.
Score 0/18 Timer 04:00
0 Plays Today
% Correct
Homeland
86.4%
Strategic
83.3%
Strategic
83.3%
Division
76.4%
Division
76.4%
Logistics
64.9%
Logistics
64.9%
Intervention
57.1%
Intervention
57.1%
% Correct
Enforcement (and)
49.4%
International
33.2%
Espionage
33%
Espionage
33%
Supreme
27.3%
Headquarters
26.2%
Hazard
25.1%
Directorate
23.7%
Law-Enforcement
23.3%

You're not logged in!

Compare scores with friends on all Sporcle quizzes.
OR
Log In
Forgot?

From the Vault

NFL Team QB Passing TD Leaders (Career)

by Ben

Sports 7m
Leading two teams in franchise TDs either says a lot about your QB skills, or very little about the franchise's passing prowess.
Remove Ads.
Support Sporcle.
Get the best of Sporcle when you Go Orange. This ad-free experience offers more features, more stats, and more fun while also helping to support Sporcle. Thank you for becoming a member.

Show Comments

Extras

Top Quizzes Today


Score Distribution

Your Account Isn't Verified!

In order to create a playlist on Sporcle, you need to verify the email address you used during registration. Go to your Sporcle Settings to finish the process.

Report this User

Report this user for behavior that violates our Community Guidelines.

Details: